Statistiques concernant Les meilleurs buteurs de l'histoire du Stade Malherbe de Caen

Cliquez ici pour prendre le quiz!

Statistiques générales

  • Ce quiz a été pris 64 fois
  • Le résultat moyen est 4 sur 15

Statistiques - réponses

ButsJoueur% Correct
42Alexandre Mendy
81%
27Ivan Santini
58%
46Mathieu Duhamel
54%
39Anthony Deroin
34%
46Xavier Gravelaine
34%
30Youssef El Arabi
34%
27Ronny Rodelin
32%
66Cyrille Watier
29%
43Sébastien Mazure
22%
35Yoann Gouffran
22%
42Fabrice Divert
12%
26Stéphane Paille
12%
29Lilian Compan
7%
26Jimmy Hébert
5%
29Stéphane Samson
3%

Distribution des résultats

Percentile par nombre de réponses

% des personnes avec chaque résultat

Votre développement - résultats

Vous n’avez pas pris ce quiz